[Event "Pan American Intercollegiate-chT"]
[Site "Chess.com INT"]
[Date "2021.01.06"]
[Round "8"]
[White "Khanna, Nalin Clement"]
[Black "Shevelev, Daniel"]
[Result "0-1"]
[WhiteElo "2153"]
[BlackElo "1833"]
[PlyCount "62"]
[EventDate "2021.01.04"]
[EventType "team-swiss (rapid)"]
[EventRounds "9"]
[EventCountry "USA"]
[SourceTitle "CBM 200 Extra"]
[Source "ChessBase"]
[SourceDate "2021.03.31"]
[SourceVersion "1"]
[SourceVersionDate "2021.03.31"]
[SourceQuality "1"]
[WhiteTeam "Yale"]
[BlackTeam "Berkeley California Univ V"]
[WhiteTeamCountry "USA"]
[BlackTeamCountry "USA"]

1. e4 e6 2. d4 d5 3. Nc3 Nf6 4. e5 Nfd7 5. f4 c5 6. Nf3 Nc6 7. Be3 b6 8. Ne2 Be7 9. c3 0-0 10. Ng3 f6 11. Bd3 f5 12. Nh5 Rf7 13. Ng5 Bxg5 14. fxg5 Nf8 15. h4 Bd7 16. Nf4 g6 17. Qf3 cxd4 18. cxd4 Rc8 19. a3 Na5 20. Rd1 Ba4 21. Rc1 Rxc1+ 22. Bxc1 Qc7 23. Ke2 Bc2 24. Bd2 Nb3 25. Bc3 Bxd3+ 26. Nxd3 Qc4 27. h5 Nxd4+ 28. Bxd4 Qxd4 29. h6 Rc7 30. Qe3 Rc2+ 31. Kf3 Qg4# 0-1

[Event "Pan American Intercollegiate-chT"]
[Site "Chess.com INT"]
[Date "2021.01.05"]
[Round "6"]
[White "Feng, Roland"]
[Black "Khanna, Nalin Clement"]
[Result "1-0"]
[WhiteElo "2342"]
[BlackElo "2153"]
[PlyCount "75"]
[EventDate "2021.01.04"]
[EventType "team-swiss (rapid)"]
[EventRounds "9"]
[EventCountry "USA"]
[SourceTitle "CBM 200 Extra"]
[Source "ChessBase"]
[SourceDate "2021.03.31"]
[SourceVersion "1"]
[SourceVersionDate "2021.03.31"]
[SourceQuality "1"]
[WhiteTeam "Berkeley California Univ"]
[BlackTeam "Yale"]
[WhiteTeamCountry "USA"]
[BlackTeamCountry "USA"]

1. d4 Nf6 2. c4 e6 3. Nc3 Bb4 4. Qc2 0-0 5. a3 Bxc3+ 6. Qxc3 d5 7. e3 b6 8. Nf3 Ba6 9. b4 dxc4 10. Bxc4 Ne4 11. Qc2 Bxc4 12. Qxc4 c6 13. 0-0 Qd5 14. Qc2 Nd7 15. Bb2 Rac8 16. Rfd1 f5 17. Ne1 Nd6 18. Nd3 g5 19. Rac1 Nf6 20. Ne5 Rc7 21. a4 Rfc8 22. Ba3 f4 23. exf4 gxf4 24. Qd2 Nfe4 25. Qe2 Rg7 26. f3 Nf6 27. b5 Nf5 28. Nxc6 Re8 29. Rc3 Nh4 30. Kh1 Rxg2 31. Rg1 Rxg1+ 32. Kxg1 Kh8 33. Kh1 Nh5 34. Qe5+ Qxe5 35. dxe5 Ng7 36. Be7 Ngf5 37. Bf6+ Kg8 38. Rd3 1-0

[Event "Pan American Intercollegiate-chT"]
[Site "Chess.com INT"]
[Date "2021.01.05"]
[Round "4"]
[White "Khanna, Nalin Clement"]
[Black "Balleisen, Aaron S"]
[Result "0-1"]
[WhiteElo "2153"]
[BlackElo "2211"]
[PlyCount "86"]
[EventDate "2021.01.04"]
[EventType "team-swiss (rapid)"]
[EventRounds "9"]
[EventCountry "USA"]
[SourceTitle "CBM 200 Extra"]
[Source "ChessBase"]
[SourceDate "2021.03.31"]
[SourceVersion "1"]
[SourceVersionDate "2021.03.31"]
[SourceQuality "1"]
[WhiteTeam "Yale"]
[BlackTeam "Princeton"]
[WhiteTeamCountry "USA"]
[BlackTeamCountry "USA"]

1. e4 c5 2. Nf3 d6 3. d4 cxd4 4. Nxd4 Nf6 5. Nc3 Nc6 6. Bg5 Bd7 7. Qd2 Rc8 8. f4 Qb6 9. Nb3 a5 10. 0-0-0 Nb4 11. e5 Nxa2+ 12. Nxa2 Qxb3 13. Nc3 Rxc3 14. Qxc3 Qxc3 15. bxc3 dxe5 16. fxe5 Ne4 17. Be3 Nxc3 18. Rd3 Na2+ 19. Kb2 Nb4 20. Ra3 a4 21. Bc5 e6 22. Bxf8 Rxf8 23. Kc3 Nd5+ 24. Kd4 b5 25. Bxb5 Bxb5 26. c4 Nc7 27. Kc5 Bd7 28. Kd6 Kd8 29. Rb1 Ne8+ 30. Kc5 Kc7 31. Rb5 Bxb5 32. cxb5 Kb7 33. b6 f6 34. Rxa4 fxe5 35. Ra7+ Kb8 36. Kc6 Rf2 37. Re7 Rc2+ 38. Kd7 Nf6+ 39. Kxe6 Rxg2 40. b7 e4 41. Kd6 e3 42. Kc6 Rc2+ 43. Kb5 e2 0-1

[Event "Pan American Intercollegiate-chT"]
[Site "Chess.com INT"]
[Date "2021.01.04"]
[Round "2"]
[White "Khanna, Nalin Clement"]
[Black "Sorokin, Aleksey"]
[Result "0-1"]
[WhiteElo "2153"]
[BlackElo "2521"]
[PlyCount "66"]
[EventDate "2021.01.04"]
[EventType "team-swiss (rapid)"]
[EventRounds "9"]
[EventCountry "USA"]
[SourceTitle "CBM 200 Extra"]
[Source "ChessBase"]
[SourceDate "2021.03.31"]
[SourceVersion "1"]
[SourceVersionDate "2021.03.31"]
[SourceQuality "1"]
[WhiteTeam "Yale"]
[BlackTeam "Texas Tech Univ"]
[WhiteTeamCountry "USA"]
[BlackTeamCountry "USA"]

1. e4 c6 2. d4 d5 3. e5 Bf5 4. Nf3 e6 5. Be2 Ne7 6. 0-0 c5 7. dxc5 Nec6 8. Be3 Nd7 9. c4 dxc4 10. Na3 Bxc5 11. Nxc4 0-0 12. Bxc5 Nxc5 13. Nd6 Bg4 14. Rc1 b6 15. h3 Bh5 16. a3 a5 17. Nc4 Nd7 18. g4 Bg6 19. Qd6 Be4 20. Rfd1 Bd5 21. Rxd5 exd5 22. Qxc6 dxc4 23. Rd1 Ra7 24. e6 fxe6 25. Ne5 Qf6 26. Nxd7 Qxf2+ 27. Kh1 Qxe2 28. Qd6 Qe4+ 29. Kg1 Qe3+ 30. Kh1 Qxh3+ 31. Kg1 Qxg4+ 32. Kh1 Rxd7 33. Qxd7 h6 0-1

[Event "Ivy League Challenge 2nd"]
[Site "Toronto"]
[Date "2019.11.09"]
[Round "3.2"]
[White "Khanna, Nalin Clement"]
[Black "Yi, Richard"]
[Result "1/2-1/2"]
[WhiteElo "2107"]
[BlackElo "2083"]
[PlyCount "160"]
[EventDate "2019.11.08"]
[EventType "team-tourn"]
[EventRounds "5"]
[EventCountry "CAN"]
[SourceTitle "CBM 193 Extra"]
[Source "ChessBase"]
[SourceDate "2020.01.31"]
[SourceVersion "1"]
[SourceVersionDate "2020.01.31"]
[SourceQuality "1"]
[WhiteTeam "Yale University"]
[BlackTeam "Massachusetts IT"]
[WhiteTeamCountry "USA"]
[BlackTeamCountry "USA"]

1. e4 e5 2. Nf3 Nc6 3. Bc4 Bc5 4. c3 Nf6 5. d3 d6 6. Bb3 0-0 7. 0-0 a5 8. h3 h6 9. Re1 Be6 10. Nbd2 Re8 11. Nf1 Bxb3 12. Qxb3 a4 13. Qc2 d5 14. Be3 Bf8 15. a3 Qd7 16. Rad1 Ra6 17. Bc1 d4 18. Ng3 Na5 19. cxd4 exd4 20. Nf5 Nb3 21. Bf4 c5 22. Qe2 Rae6 23. Qc2 b5 24. Nd2 Na5 25. f3 Nh5 26. Bh2 g6 27. Ng3 Nf6 28. e5 Nd5 29. Ngf1 f5 30. f4 Rc6 31. Nf3 Qe6 32. Kh1 Be7 33. g3 Nb3 34. Bg1 g5 35. fxg5 hxg5 36. Qg2 Kf7 37. g4 f4 38. N1d2 Rh8 39. Ne4 Qh6 40. Nexg5+ Ke8 41. Ne4 Qxh3+ 42. Qxh3 Rxh3+ 43. Kg2 Rh8 44. Bf2 Rch6 45. g5 Rh5 46. Nf6+ Bxf6 47. exf6+ Ne3+ 48. Bxe3 dxe3 49. Rh1 Kf7 50. Rxh5 Rxh5 51. Rh1 Rxh1 52. Kxh1 e2 53. Kg2 Nd4 54. Ne1 Kg6 55. Kf2 Ne6 56. Nf3 Kf5 57. Kxe2 Nf8 58. Kf2 c4 59. dxc4 bxc4 60. Ke2 Kg4 61. f7 Kf5 62. Kd2 Kg4 63. Ke2 Kf5 64. Nd2 c3 65. bxc3 Kxg5 66. Kf3 Ng6 67. Nc4 Kf6 68. f8Q+ Nxf8 69. Kxf4 Ne6+ 70. Ke4 Nc7 71. Nd2 Ke6 72. c4 Kd6 73. Kd4 Kc6 74. Ne4 Na6 75. Kc3 Kb6 76. Nd2 Kc5 77. Ne4+ Kb6 78. Kd4 Kc6 79. c5 Nc7 80. Kc4 Na6 1/2-1/2

[Event "Ivy League Challenge 2nd"]
[Site "Toronto"]
[Date "2019.11.09"]
[Round "4.1"]
[White "Li, Ethan"]
[Black "Khanna, Nalin Clement"]
[Result "1/2-1/2"]
[WhiteElo "2231"]
[BlackElo "2107"]
[PlyCount "74"]
[EventDate "2019.11.08"]
[EventType "team-tourn"]
[EventRounds "5"]
[EventCountry "CAN"]
[SourceTitle "CBM 193 Extra"]
[Source "ChessBase"]
[SourceDate "2020.01.31"]
[SourceVersion "1"]
[SourceVersionDate "2020.01.31"]
[SourceQuality "1"]
[WhiteTeam "Princeton University"]
[BlackTeam "Yale University"]
[WhiteTeamCountry "USA"]
[BlackTeamCountry "USA"]

1. d4 Nf6 2. Nf3 e6 3. e3 c5 4. Bd3 b6 5. b3 Bb7 6. Nbd2 Be7 7. Bb2 d6 8. c4 0-0 9. 0-0 Nbd7 10. Re1 cxd4 11. exd4 Re8 12. Rc1 Rc8 13. Bb1 Bf8 14. Rc3 g6 15. Ba3 Qc7 16. Qc2 Nd5 17. Rd3 e5 18. dxe5 Nxe5 19. Nxe5 Rxe5 20. Rxe5 dxe5 21. Bxf8 Kxf8 22. Qb2 Nf4 23. Re3 Rd8 24. Be4 Bxe4 25. Rxe4 Nd3 26. Qc3 f6 27. Re3 Qd7 28. Ne4 Kg7 29. h3 Nf4 30. Kh2 Ne6 31. Rf3 Rf8 32. Rd3 Nd4 33. Qb4 Qc6 34. Nd2 Qc7 35. Kh1 Rd8 36. Nf3 Nxf3 37. Rxd8 Qxd8 1/2-1/2